Bol´šaja sovetskaja enciklopedija. 46, Fuse-Curuga /

Uložené v:
Podrobná bibliografia
Ďalší autori: Vvedenskij, Boris Aleksejevič, 1893- (Editor)
Médium: Kniha
Jazyk:Russian
Vydané: Moskva : Bol'šaja sovetskaja enciklopedija, 1957.
Vydanie:2. izd.
Témy:
ISBN: (viaz.)
Fyzický popis: 669 s.
Tagy: Pridať tag
Žiadne tagy, Buďte prvý kto otaguje tento záznam!

MARC

LEADER 00000nam a2200000 a 4500
001 000027814
003 SVKK
005 20120203121434.0
008 970424s1957 ru e rus d
020 |a (viaz.)  |c Kčs 57,60 
040 |a SVKKK  |b slo  |c SVKKK  |e AACR2 
041 0 |a rus 
044 |a ru  |c RU 
245 0 0 |a Bol´šaja sovetskaja enciklopedija.  |n 46, Fuse-Curuga /  |c red. B.A. Vvedenskij. 
250 |a 2. izd. 
260 |a Moskva :  |b Bol'šaja sovetskaja enciklopedija,  |c 1957. 
300 |a 669 s. 
655 7 |a encyklopédie  |2 SVKKKPH 
700 1 |a Vvedenskij, Boris Aleksejevič,  |d 1893-  |4 edt 
910 |a svkkk 
974 |a MI  |d 19970516 
974 |a PA  |d 19970522 
974 |a MI  |d 19990608 
998 |a BK 
090 |g SCKHL  |k Sklad Pribinova 1. posch.  |a IV.29084  |j 276257  |i B229671  |4 Multiplikát  |s Vyradená 
090 |g SCKHL  |k Sklad Pribinova 3. posch.  |a V.14967  |j 146365  |i 201908-10  |4 Multiplikát  |s Vyradená 
090 |g SCKHL  |k Sklad Pribinova 3. posch.  |a V.14968  |j 146366  |i B201844  |4 Multiplikát  |s Vyradená 
090 |g SCKHL  |k Sklad Pribinova 3. posch.  |a V.14969  |j 146367  |i 2720008443  |4 Multiplikát  |s Vyradená 
090 |g SCKHL  |k Sklad Pribinova 3. posch.  |a V.14970  |j 146368  |i 201908-30  |4 Multiplikát  |s Vyradená 
090 |g SCKHL  |k Sklad Pribinova 3. posch.  |a V.199132  |j 906319  |i 27814-10  |4 Multiplikát  |s Vyradená 
090 |g SCKHL  |k Sklad Pribinova 3. posch.  |a V.32299  |j 305399  |i B229319  |4 Multiplikát  |s Vyradená 
090 |g SCKHL  |k Sklad Pribinova 3. posch.  |a V0.2948  |j 017859  |i 2720791485  |s Prezenčne